| 000 | 01440nam a2200313 i 4500 | ||
|---|---|---|---|
| 001 | 197646 | ||
| 003 | SpMaBN | ||
| 005 | 20250824063103.0 | ||
| 008 | 250604s2024 sp |||||| 000 | spa| | ||
| 017 |
_aM 1867-2025 _bOficina Depósito Legal Madrid |
||
| 020 | _a9788410672147 | ||
| 040 |
_aSpMaBN _bspa _cSpMaBN _erda |
||
| 100 | 1 |
_aGarcía Santamaria, José Vicente _9241030 _eaut |
|
| 245 | 1 | 0 |
_aMarinos republicanos en los campos de concentración soviéticos : _b1938-1956 / _cJosé Vicente García Santamaría y Juan Carlos Sánchez Illán. |
| 260 |
_aMadrid : _bLos libros de la Catarata, _c2025. |
||
| 300 |
_a190 páginas ; _c22 cm. |
||
| 336 |
_aTexto _2rdacontent |
||
| 337 |
_asin mediación _2rdamedia |
||
| 338 |
_avolumen _2rdacarrier |
||
| 650 | 4 |
_910714 _aCampos de concentración- _zURSS |
|
| 700 | 1 |
_aSánchez Illán, Juan Carlos _9102706 _eaut |
|
| 852 |
_aES-MaACL _cDEPOJ _jN-10539 _gDedicatorias autógrafas de los autores _hDonación: José Vicente García Santamaría y Juan Carlos Sánchez Illán _xEncuadernación rústica _9206662 |
||
| 903 |
_9241030 _aGarcía Santamaria, José Vicente _ednr |
||
| 903 |
_9102706 _aSánchez Illán, Juan Carlos _ednr |
||
| 942 |
_cMONOGRAFIA _n0 |
||
| 999 |
_c197646 _d197646 |
||